Online
Catalog

30 aniversario APEC: (Record no. 55610)

MARC details
000 -CABECERA
campo de control de longitud fija 01010nam a2200265 i 4500
003 - IDENTIFICADOR DEL NÚMERO DE CONTROL
campo de control DO-SdBNP
005 - FECHA Y HORA DE LA ÚLTIMA TRANSACCIÓN
campo de control 20231128124613.0
006 - CÓDIGOS DE INFORMACIÓN DE LONGITUD FIJA--CARACTERÍSTICAS DEL MATERIAL ADICIONAL
campo de control de longitud fija a||||gr|||| 00| 0
007 - CAMPO FIJO DE DESCRIPCIÓN FÍSICA--INFORMACIÓN GENERAL
campo de control de longitud fija ta
008 - DATOS DE LONGITUD FIJA--INFORMACIÓN GENERAL
campo de control de longitud fija 231128b200? |||ac||| |||| 00| 0 spa d
040 ## - FUENTE DE LA CATALOGACIÓN
Centro catalogador/agencia de origen DO-SdBNP
Lengua de catalogación spa
Centro/agencia transcriptor BNPHU
Normas de descripción rda
082 #4 - NÚMERO DE LA CLASIFICACIÓN DECIMAL DEWEY
Número de edición 22
Número de documento/Ítem T787a
110 2# - ENTRADA PRINCIPAL--NOMBRE DE ENTIDAD CORPORATIVA
Nombre de entidad corporativa o nombre de jurisdicción como elemento de entrada Universidad APEC
9 (RLIN) 30673
Término indicativo de función/relación autor
245 10 - MENCIÓN DE TÍTULO
Título 30 aniversario APEC:
Resto del título por un mundo mejor. /
246 ## - FORMA VARIANTE DE TÍTULO
Título propio/Titulo breve Treinta aniversario APEC:
Resto del título por un mundo mejor.
264 ## - PRODUCCIÓN, PUBLICACIÓN, DISTRIBUCIÓN, FABRICACIÓN Y COPYRIGHT
Producción, publicación, distribución, fabricación y copyright [sin lugar]
Nombre del de productor, editor, distribuidor, fabricante CENAPEC,
Fecha de producción, publicación, distribución, fabricación o copyright [200?]
300 ## - DESCRIPCIÓN FÍSICA
Extensión [78] páginas :
Otras características físicas Ilustraciones, retratos ;
336 ## - TIPO DE CONTENIDO
Fuente rdacontent
Término de tipo de contenido texto
Código de tipo de contenido txt
337 ## - TIPO DE MEDIO
Fuente rdamedia
Nombre/término del tipo de medio sin mediación
Código del tipo de medio n
338 ## - TIPO DE SOPORTE
Fuente rdacarrier
Nombre/término del tipo de soporte volumen
Código del tipo de soporte nc
500 ## - NOTA GENERAL
Nota general Incluye pie de fotos
505 ## - NOTA DE CONTENIDO CON FORMATO
Nota de contenido con formato 1.- Isla de Santo Domingo (Contraportada).
Título 2.- Hitos en la Senda de un Recuerdo.--
-- 3.- Cuatro Cartas de Amor a una Noruega.-
-- 4.- No Profanéis su Nombre.--
-- 5.- Dos Responso para un Solo Amor.--
-- 6.- Canto a mi Madre.
590 ## - NOTA LOCAL (RLIN)
Nota local Inventariado 2023 / MF
942 ## - ELEMENTOS DE PUNTO DE ACCESO ADICIONAL (KOHA)
Fuente del sistema de clasificación o colocación Dewey Decimal Classification
Tipo de ítem Koha Libro
Holdings
Estado de retiro Estado de pérdida Fuente del sistema de clasificación o colocación Restricciones de uso No para préstamo Código de colección Localización permanente Ubicación/localización actual Ubicación en estantería Fecha de adquisición Fuente de adquisición Total de préstamos Signatura topográfica completa Código de barras Fecha visto por última vez Precio válido a partir de Tipo de ítem Koha
    Dewey Decimal Classification Excluido de préstamo   Patrimonio Dominicano Biblioteca Nacional Pedro Henríquez Ureña Biblioteca Nacional Pedro Henríquez Ureña En catalogación 28.12.2014 Donado por Barbara Suncar   T787a 2023-8079 28.11.2023 28.11.2023 Libro

Powered by Koha